| 000 | 00725nam a22002172 4500 | ||
|---|---|---|---|
| 001 | 0000007111 | ||
| 005 | 20151217152022.0 | ||
| 008 | 071117s xx 000 0 eng d | ||
| 020 |
_a1403900456 : _cKES 2475 |
||
| 040 |
_aKABU _cKABU |
||
| 245 | 1 | 0 |
_aKey issues in development / _cDamien Kingsbury ... [et al.]. |
| 260 |
_aBasingstoke,England : _bPlgrave Macmillan, _c2004. |
||
| 300 | _avi, 329 p. | ||
| 650 | 0 |
_aDeveloping countries _bEconomic conditions. _@0000158163 |
|
| 650 | 0 |
_aPoverty _zDeveloping countries. _@0000150080 |
|
| 700 | 1 |
_aKingsbury, Damien. _@0000158164 |
|
| 908 | _a071117 | ||
| 950 | _@1 | ||
| 999 |
_c7401 _d7401 |
||